000 01509nam a2200301 i 4500
003 IT-RoINE
005 20200515100825.0
008 081002s1986 it |r |101|||mul|d
020 _a8834303814
040 _aUPSA
_cesslup IT-RoINE
_dIT-RoINE
041 0 _aeng
_afre
_ager
_aita
_alat
_aspa
110 2 _aUniversità cattolica del Sacro Cuore.
_bCentro di studi medioevali.
_bSettimana internazionale di studio
_n(9ª.
_d1983.
_cPasso della Mendola, Italia)
_951724
245 1 0 _aChiesa, diritto e ordinamento della "societas christiana" nei secoli XI e XII :
_batti della nona Settimana Internazionale di Studio, Mendola 28 agosto-2 septiembre 1983.
260 _aMilano :
_bVita e pensiero,
_c1986.
300 _aXV, 569 p. ;
_c24 cm.
336 _2rdacontent
_atext
337 _2rdamedia
_aunmediated
338 _2rdacarrier
_avolume
490 1 _aPubblicazioni dell'Università cattolica del Sacro Cuore.
_aMiscellanea del Centro di studi medioevali ;
_v11
500 _aIncluye índices.
504 _aIncluye referencias bibliográficas en notas.
546 _aTextos en alemán, inglés, español, francés, italiano y latín.
650 4 _aSociología jurídica
_vCongresos
_951712
650 4 _aIglesia
_xHistoria
_y600-1500 (Edad media)
_vCongresos
_952561
650 4 _951713
_aDerecho canónico
_xHistoria
_y600-1500 (Edad media)
_vCongresos
830 0 _951709
_aPubblicazioni dell'Università cattolica del Sacro Cuore.
_pMiscellanea del Centro di studi medioevali
_v11
942 _cMTS
999 _c26114
_d26114